[Event "GER-ch Seniors 50"]
[Site "Hamburg"]
[Date "2018.07.29"]
[Round "9"]
[White "Hueskens, Gerd"]
[Black "Gaul, Karl Heinz"]
[Result "1-0"]
[WhiteElo "1840"]
[BlackElo "1491"]
[PlyCount "67"]
[EventDate "2018.07.21"]
[EventType "swiss"]
[EventRounds "9"]
[EventCountry "GER"]
[SourceTitle "CBM 186 Extra"]
[Source "ChessBase"]
[SourceDate "2018.08.24"]
[SourceVersion "1"]
[SourceVersionDate "2018.08.24"]
[SourceQuality "1"]

1. d4 d5 2. Nf3 Nf6 3. c4 c6 4. Nc3 Bg4 5. Ne5 Nbd7 6. Nxg4 Nxg4 7. cxd5 cxd5 8. Nxd5 e6 9. Nc3 Bb4 10. e3 a6 11. Qxg4 0-0 12. Bd3 f5 13. Qe2 Qg5 14. 0-0 h5 15. e4 f4 16. e5 f3 17. Bxg5 fxe2 18. Bxe2 Rf5 19. f4 g6 20. g4 Rf7 21. gxh5 gxh5 22. Bxh5 Rh7 23. Bg4 Nf8 24. Ne4 Kf7 25. Rac1 Ba5 26. f5 Bb6 27. fxe6+ Kg6 28. Bf5+ Kh5 29. Be3 Rg7+ 30. Kh1 Bd8 31. Rf3 Ng6 32. Rg1 Rc8 33. Bg4+ Kh4 34. Bf2# 1-0

[Event "GER-ch Seniors 50"]
[Site "Hamburg"]
[Date "2018.07.28"]
[Round "8"]
[White "Gaul, Karl Heinz"]
[Black "Scheunemann, Uwe"]
[Result "0-1"]
[WhiteElo "1491"]
[BlackElo "1647"]
[PlyCount "85"]
[EventDate "2018.07.21"]
[EventType "swiss"]
[EventRounds "9"]
[EventCountry "GER"]
[SourceTitle "CBM 186 Extra"]
[Source "ChessBase"]
[SourceDate "2018.08.24"]
[SourceVersion "1"]
[SourceVersionDate "2018.08.24"]
[SourceQuality "1"]

1. d4 d5 2. Nf3 Nf6 3. Bf4 e6 4. e3 Bd6 5. Bg5 Be7 6. Bd3 b6 7. c3 Bb7 8. Nbd2 c5 9. Ne5 Nbd7 10. Bb5 0-0 11. Ndf3 a6 12. Ba4 b5 13. Bc2 Nxe5 14. dxe5 Nd7 15. h4 f6 16. Qd3 f5 17. 0-0-0 c4 18. Qe2 h6 19. Nd4 Nc5 20. Rh3 Rf7 21. Rdh1 Qd7 22. Qh5 Kf8 23. Rf3 Bxg5 24. hxg5 Ke7 25. g6 Rff8 26. g4 fxg4 27. Qh4+ Ke8 28. Rxf8+ Kxf8 29. Qxg4 Qe7 30. Rh3 Kg8 31. f4 Rf8 32. Rf3 Bc8 33. b3 cxb3 34. axb3 Bd7 35. b4 Ne4 36. Bxe4 dxe4 37. Rf2 Rc8 38. Re2 a5 39. f5 exf5 40. e6 fxg4 41. exd7 Qxd7 42. bxa5 g3 43. Kd1 0-1